[Event "Stockerau-Open 2005 B-Turnier"]
[Site "B-Turnier"]
[Date "2005.05.05"]
[Round "1"]
[White "Paul, Ursula"]
[Black "Lehner, Erich"]
[Result "0-1"]
[WhiteElo "1569"]
[BlackElo "1795"]
[PlyCount "48"]
[EventDate "2005.05.05"]

1. e4 e6 2. d4 d5 3. exd5 exd5 4. Nf3 h6 5. Nc3 Nf6 6. Bd3 Bd6 7. O-O O-O 8.
Ne5 c5 9. Nb5 cxd4 10. Nxd6 Qxd6 11. Re1 Re8 12. Bf4 Qb6 13. Qc1 Nc6 14. b3
Nxe5 15. Rxe5 Rxe5 16. Bxe5 Ng4 17. Qf4 Nxe5 18. Qxe5 Be6 19. c3 dxc3 20. Qxc3
Rc8 21. Qd2 Kf8 22. Rc1 Rc6 23. Kf1 Qd4 24. a3 Rxc1+ 0-1

[Event "Stockerau-Open 2005 B-Turnier"]
[Site "B-Turnier"]
[Date "2005.05.05"]
[Round "1"]
[White "Pos, Andreas"]
[Black "Peterka, Walter"]
[Result "1-0"]
[WhiteElo "1755"]
[BlackElo "1567"]
[PlyCount "99"]
[EventDate "2005.05.05"]

1. c4 g6 2. Nc3 Bg7 3. d4 Nf6 4. e4 d6 5. g3 O-O 6. Bg2 c6 7. Nge2 Nbd7 8. O-O
Rb8 9. Bd2 a6 10. a4 h6 11. Qc2 Nb6 12. b3 e5 13. dxe5 dxe5 14. Rad1 Qe7 15.
Na2 Bg4 16. Be3 Nbd7 17. h3 Bxe2 18. Qxe2 b6 19. Rd3 c5 20. Rfd1 Rfd8 21. Qd2
a5 22. Bxh6 Bxh6 23. Qxh6 Nf8 24. Nc3 Ne6 25. Qe3 Rxd3 26. Rxd3 Nd4 27. Nd5
Nxd5 28. exd5 Qd6 29. h4 f5 30. Qg5 e4 31. Re3 Rf8 32. f3 exf3 33. Bxf3 f4 34.
gxf4 Rxf4 35. Bg4 Qf6 36. Qxf6 Rxf6 37. Kg2 Kf7 38. h5 gxh5 39. Bxh5+ Kg7 40.
Kh3 Rd6 41. Kg4 Kf6 42. Kf4 Rd8 43. Rg3 Rh8 44. Rg6+ Ke7 45. Bg4 Nxb3 46. Rxb6
Nd2 47. d6+ Kf6 48. d7+ Ke7 49. Re6+ Kd8 50. Rd6 1-0

[Event "Stockerau-Open 2005 B-Turnier"]
[Site "B-Turnier"]
[Date "2005.05.05"]
[Round "1"]
[White "Metzger, Siegfried"]
[Black "Ayatollahi, Ehsan"]
[Result "0-1"]
[WhiteElo "1537"]
[BlackElo "1731"]
[PlyCount "96"]
[EventDate "2005.05.05"]

1. e4 d5 2. exd5 Qxd5 3. Qf3 Nf6 4. Nc3 Qa5 5. a3 e5 6. Bc4 c6 7. Ne4 Nxe4 8.
Qxe4 Bd6 9. Ba2 Nd7 10. Qd3 Qc7 11. Qb3 Nc5 12. Qe3 Ne6 13. Ne2 O-O 14. d3 Bd7
15. Bxe6 Bxe6 16. c4 c5 17. Nc3 a6 18. Ne4 Be7 19. Qg3 f5 20. Nc3 f4 21. Qf3
Rad8 22. O-O Qd7 23. Rd1 Bg4 24. Qd5+ Qxd5 25. cxd5 Bxd1 26. Nxd1 Rxd5 27. b3
Rfd8 28. Bb2 Rxd3 29. Nc3 Bf6 30. Kf1 e4 31. Na4 Bxb2 32. Nxb2 Rd2 33. Nc4 Rd1+
34. Rxd1 Rxd1+ 35. Ke2 Rb1 36. Nd6 Rb2+ 37. Ke1 e3 38. fxe3 fxe3 39. Nxb7 c4
40. Nc5 Rxb3 41. a4 Ra3 42. Ke2 c3 43. Kxe3 c2+ 44. Kd2 Rc3 45. Nd3 Rxd3+ 46.
Kxc2 Ra3 47. Kb2 Rxa4 48. Kb3 Rg4 0-1

[Event "Stockerau-Open 2005 B-Turnier"]
[Site "B-Turnier"]
[Date "2005.05.05"]
[Round "1"]
[White "Westermayer, Johann"]
[Black "Tunka, Johann Jun"]
[Result "1-0"]
[WhiteElo "1659"]
[BlackElo "1473"]
[PlyCount "49"]
[EventDate "2005.05.05"]

1. c4 e5 2. g3 Nc6 3. Bg2 Nf6 4. Nc3 Be7 5. Nf3 d6 6. O-O O-O 7. d3 h6 8. a3 a5
9. Bd2 b6 10. Rb1 Bb7 11. Ne1 Rb8 12. Nc2 Qd7 13. b4 axb4 14. axb4 Nd8 15. Ra1
Bxg2 16. Kxg2 Ne6 17. Ra7 Ra8 18. Ra1 Rxa1 19. Qxa1 Qc6+ 20. Kg1 Ra8 21. Qb2
Ng4 22. f3 Bg5 23. Bxg5 Nxg5 24. Nd5 Nf6 25. Ne7+ 1-0

[Event "Stockerau-Open 2005 B-Turnier"]
[Site "B-Turnier"]
[Date "2005.05.05"]
[Round "1"]
[White "Haslinger, Ewald"]
[Black "Jirku, Erich"]
[Result "0-1"]
[WhiteElo "1456"]
[BlackElo "1633"]
[PlyCount "84"]
[EventDate "2005.05.05"]

1. e4 d6 2. d4 g6 3. c4 Bg7 4. Nf3 Nf6 5. Nc3 c6 6. Be2 a6 7. O-O O-O 8. Bf4
Nh5 9. Qd2 Nxf4 10. Qxf4 Qc7 11. Rad1 e5 12. dxe5 dxe5 13. Qe3 Nd7 14. b4 Nf6
15. h3 b6 16. c5 bxc5 17. Qxc5 Nd7 18. Qd6 Ra7 19. Qxc7 Rxc7 20. Rd6 Re8 21.
Rc1 Bf8 22. Rdd1 Bxb4 23. Nd5 Rb7 24. Rxc6 a5 25. Rxc8 Rxc8 26. Ne7+ Bxe7 27.
Ba6 Rcb8 28. Bxb7 Rxb7 29. Rd5 Bb4 30. Nxe5 Nxe5 31. Rxe5 Re7 32. Rxe7 Bxe7 33.
a4 f6 34. f3 Kf7 35. Kf2 Ke6 36. Ke3 Bc5+ 37. Kd3 Ke5 38. g3 g5 39. g4 h6 40.
Kc4 Bb4 41. Kd3 Kf4 42. Ke2 Bc5 0-1

[Event "Stockerau-Open 2005 B-Turnier"]
[Site "B-Turnier"]
[Date "2005.05.05"]
[Round "1"]
[White "Hansal, Franz"]
[Black "Weindl, Gerhard"]
[Result "0-1"]
[WhiteElo "1442"]
[BlackElo "1629"]
[PlyCount "76"]
[EventDate "2005.05.05"]

1. e4 e5 2. Nf3 Nc6 3. d4 exd4 4. Bc4 Be7 5. Nxd4 d6 6. Bb5 Bd7 7. Nxc6 bxc6 8.
Bc4 Nf6 9. Nc3 O-O 10. O-O Be6 11. Bd3 Qd7 12. Bf4 Bg4 13. Qe1 Rfe8 14. f3 Bh5
15. Rd1 Bg6 16. Qf2 h6 17. e5 Bxd3 18. Rxd3 Nh7 19. Qg3 Qe6 20. Re1 d5 21. Ne2
c5 22. c3 c6 23. b3 Nf8 24. Be3 Ng6 25. Nf4 Qf5 26. Rd2 Bh4 27. Qh3 Qxh3 28.
gxh3 Bxe1 29. Rc2 Nxf4 30. Bxf4 g5 31. Rg2 Bxc3 32. h4 Bxe5 33. Bd2 f6 34. f4
Bd4+ 35. Kf1 Rf8 36. f5 Rae8 37. hxg5 fxg5 38. h4 Rxf5+ 0-1

[Event "Stockerau-Open 2005 B-Turnier"]
[Site "B-Turnier"]
[Date "2005.05.05"]
[Round "1"]
[White "Zwerger, Kurt"]
[Black "Gindl, Herbert"]
[Result "1-0"]
[WhiteElo "1624"]
[BlackElo "1400"]
[PlyCount "67"]
[EventDate "2005.05.05"]

1. d4 d5 2. c4 c6 3. Nc3 Nf6 4. Bg5 e6 5. a3 Be7 6. e3 Nbd7 7. Nf3 Qc7 8. Bd3
dxc4 9. Bxc4 Nb6 10. Ba2 Nfd5 11. Ne4 Nd7 12. O-O Bxg5 13. Nexg5 h6 14. Ne4
N7f6 15. Nxf6+ Nxf6 16. Ne5 O-O 17. Qd3 Qe7 18. Rac1 Bd7 19. Bb1 Be8 20. Ng4 g6
21. f3 Kg7 22. Ne5 Rd8 23. b4 a6 24. f4 Nd7 25. Rf3 Nxe5 26. fxe5 f5 27. exf6+
Rxf6 28. Rh3 e5 29. Qe4 Re6 30. Ba2 Red6 31. Rc5 Qd7 32. Rxe5 Qc8 33. Re7+ Kh8
34. Rxh6# 1-0

[Event "Stockerau-Open 2005 B-Turnier"]
[Site "B-Turnier"]
[Date "2005.05.05"]
[Round "1"]
[White "Rath, Daniel"]
[Black "Schmied, Kurt"]
[Result "1/2-1/2"]
[WhiteElo "1268"]
[BlackElo "1622"]
[PlyCount "117"]
[EventDate "2005.05.05"]

1. e4 c5 2. d4 e6 3. d5 Nf6 4. Nc3 Qe7 5. Be3 exd5 6. Nxd5 Nxd5 7. exd5 g6 8.
Nf3 Bg7 9. c3 d6 10. Bb5+ Bd7 11. Qa4 O-O 12. O-O a6 13. Bxd7 Qxd7 14. Qxd7
Nxd7 15. Rad1 b5 16. Rfe1 Nb6 17. b3 Bxc3 18. Re2 Rfe8 19. Rc2 Bg7 20. b4 Nc4
21. bxc5 Rxe3 22. fxe3 Nxe3 23. Rdd2 Nxc2 24. Rxc2 dxc5 25. Rxc5 Rd8 26. Rc6
Rxd5 27. Rxa6 Bh6 28. Ra5 Rc5 29. a4 Rc1+ 30. Kf2 Rc2+ 31. Kg3 bxa4 32. Rxa4
Be3 33. Nd4 Rc3 34. Ne2 Rb3 35. h3 Bg1+ 36. Kg4 h5+ 37. Kf4 Be3+ 38. Ke4 Bg5
39. Nd4 Re3+ 40. Kd5 Re8 41. Nc6 Re2 42. g4 h4 43. Re4 Rd2+ 44. Rd4 Rh2 45. Rd3
Bf4 46. Rf3 g5 47. Ne7+ Kf8 48. Nf5 Rd2+ 49. Ke4 f6 50. Nxh4 Re2+ 51. Kf5 Kf7
52. Ng6 Be5 53. h4 Bf4 54. h5 Rc2 55. Nxf4 gxf4 56. Kxf4 Kg7 57. Kf5 Rc5+ 58.
Ke6 Re5+ 59. Kd6 1/2-1/2

[Event "Stockerau-Open 2005 B-Turnier"]
[Site "B-Turnier"]
[Date "2005.05.05"]
[Round "2"]
[White "Lehner, Erich"]
[Black "Hetfleis, Enrico"]
[Result "1-0"]
[WhiteElo "1795"]
[BlackElo "1629"]
[PlyCount "75"]
[EventDate "2005.05.05"]

1. e4 c6 2. d4 d5 3. Nc3 dxe4 4. Nxe4 Bf5 5. Ng3 Bg6 6. Nf3 Nd7 7. Bd3 Bxd3 8.
Qxd3 Ngf6 9. O-O e6 10. Re1 Be7 11. Bd2 O-O 12. Qe2 Re8 13. c4 c5 14. Bc3 cxd4
15. Nxd4 Qb6 16. Rad1 Rad8 17. Qd2 Qc7 18. b3 a6 19. Qc2 Nb8 20. Qb2 Nc6 21.
Nf3 Rxd1 22. Rxd1 Rd8 23. Re1 Qf4 24. Ne2 Qd6 25. g3 Qd3 26. Kg2 Qg6 27. Ned4
Nxd4 28. Bxd4 Qd3 29. Bb6 Rc8 30. Ne5 Qf5 31. a4 Bd8 32. Qd4 Be7 33. a5 Qc2 34.
Re3 Qf5 35. g4 Qg5 36. f4 Qh4 37. Rg3 Ne8 38. Qd7 1-0

[Event "Stockerau-Open 2005 B-Turnier"]
[Site "B-Turnier"]
[Date "2005.05.05"]
[Round "2"]
[White "Weindl, Gerhard"]
[Black "Pos, Andreas"]
[Result "0-1"]
[WhiteElo "1629"]
[BlackElo "1755"]
[PlyCount "96"]
[EventDate "2005.05.05"]

1. e4 c5 2. Nf3 Nc6 3. d4 cxd4 4. Nxd4 a6 5. Nc3 e6 6. Be2 g6 7. O-O Bg7 8. Be3
Nge7 9. a3 O-O 10. Rb1 b5 11. Na2 Bb7 12. Bf3 Ne5 13. Nb3 d6 14. Nb4 Nxf3+ 15.
gxf3 Rc8 16. Qd2 f5 17. Rbd1 a5 18. Nd3 fxe4 19. Nf4 Bd5 20. fxe4 Bc4 21. Nxa5
Bxf1 22. Kxf1 Rxf4 23. Bxf4 d5 24. b4 d4 25. Nb7 Qd7 26. Nc5 Qc6 27. f3 Rf8 28.
Kg2 e5 29. Bg3 Nc8 30. Qg5 h6 31. Qg4 Nb6 32. Qe6+ Qxe6 33. Nxe6 Re8 34. Nc5
Nc4 35. Rd3 Ne3+ 36. Kf2 Nxc2 37. Nd7 Re7 38. Nb8 Ne3 39. Nc6 Re6 40. Na5 Ra6
41. Ke2 Nc4 42. f4 exf4 43. Bxf4 g5 44. Bc7 Re6 45. Kf3 Be5 46. Nxc4 bxc4 47.
Bxe5 cxd3 48. Bxd4 d2 0-1

[Event "Stockerau-Open 2005 B-Turnier"]
[Site "B-Turnier"]
[Date "2005.05.05"]
[Round "2"]
[White "Ayatollahi, Ehsan"]
[Black "Zwerger, Kurt"]
[Result "1-0"]
[WhiteElo "1731"]
[BlackElo "1624"]
[PlyCount "67"]
[EventDate "2005.05.05"]

1. d4 d5 2. c4 Nf6 3. cxd5 Nxd5 4. e4 Nb6 5. Nc3 e6 6. Nf3 Nc6 7. a4 a5 8. Bf4
Bb4 9. Bb5 O-O 10. Bxc6 bxc6 11. O-O Ba6 12. Re1 Nc4 13. Qc2 c5 14. dxc5 Bxc5
15. Rad1 Qe7 16. Nb5 Bxb5 17. axb5 Nb6 18. Ne5 Qf6 19. Nd3 Bb4 20. Re3 Rac8 21.
Rg3 Kh8 22. Be5 Qh6 23. Bxg7+ Qxg7 24. Rxg7 Kxg7 25. Nxb4 axb4 26. Rd3 Kh8 27.
b3 Ra8 28. Qb2+ e5 29. f4 h6 30. Rg3 Nd7 31. fxe5 Nc5 32. e6+ f6 33. Qc1 Kh7
34. Rh3 1-0

[Event "Stockerau-Open 2005 B-Turnier"]
[Site "B-Turnier"]
[Date "2005.05.05"]
[Round "2"]
[White "Schmied, Kurt"]
[Black "Paseka, Christian"]
[Result "1/2-1/2"]
[WhiteElo "1622"]
[BlackElo "1590"]
[PlyCount "135"]
[EventDate "2005.05.05"]

1. Nf3 d5 2. e3 Nf6 3. c4 c6 4. Nc3 e6 5. cxd5 exd5 6. b3 Bg4 7. Be2 Nbd7 8.
Bb2 Qc7 9. h3 Bh5 10. Rc1 Be7 11. Nd4 Bxe2 12. Ndxe2 Qa5 13. a4 Nc5 14. O-O Nd3
15. Rc2 Nxb2 16. Rxb2 Bb4 17. Na2 Bd6 18. Rc2 O-O 19. Nd4 g6 20. Nf3 Rfe8 21.
d4 Rac8 22. Qd2 Qb6 23. Qd3 a5 24. Rfc1 Rc7 25. Kh1 Rec8 26. Nd2 Ba3 27. Rb1 c5
28. dxc5 Rxc5 29. Rxc5 Rxc5 30. Nc3 Bb4 31. Nb5 Bxd2 32. Qxd2 Ne4 33. Qb2 Nd6
34. Nd4 Qb4 35. Rc1 Ne4 36. Rxc5 Nxc5 37. Qc2 Qe1+ 38. Kh2 Ne4 39. Qe2 Qxe2 40.
Nxe2 Nxf2 41. Nc3 Nd3 42. Nxd5 Nc1 43. b4 axb4 44. Nxb4 Nb3 45. Nd5 Kf8 46. Kg3
Nc5 47. Nc3 Ke7 48. Kf3 f5 49. Kf4 Kf6 50. h4 Nd3+ 51. Kf3 Ke5 52. Ke2 Nc5 53.
Kf3 h6 54. g4 fxg4+ 55. Kxg4 Ne4 56. Ne2 Nc5 57. Nc3 Nb3 58. Kf3 Nd2+ 59. Ke2
Ne4 60. Nd1 Ng3+ 61. Kd3 Nf5 62. Nf2 Nxh4 63. Ng4+ Kd5 64. Nxh6 Kc5 65. e4 Nf3
66. Nf7 Kb4 67. e5 Nxe5+ 68. Nxe5 1/2-1/2

[Event "Stockerau-Open 2005 B-Turnier"]
[Site "B-Turnier"]
[Date "2005.05.05"]
[Round "2"]
[White "Tunka, Johann Jun"]
[Black "Kammerer, Gernot"]
[Result "0-1"]
[WhiteElo "1473"]
[BlackElo "1607"]
[PlyCount "68"]
[EventDate "2005.05.05"]

1. e4 c5 2. c3 Nf6 3. e5 Nd5 4. d4 cxd4 5. cxd4 Nc6 6. Bc4 Nb6 7. Bb3 d6 8.
exd6 Qxd6 9. Nf3 Bf5 10. O-O e6 11. Nc3 a6 12. Re1 O-O-O 13. Be3 Be7 14. Rc1
Kb8 15. Qd2 Ka8 16. d5 Nxd5 17. Nxd5 exd5 18. Red1 Be6 19. Nd4 Bf6 20. Nxc6
bxc6 21. Qa5 Bc8 22. Qb6 c5 23. Bxd5+ Qxd5 24. Rxd5 Rxd5 25. Bxc5 Rd7 26. Qc6+
Kb8 27. Bd6+ Ka7 28. Rc4 Rhd8 29. Bc5+ Kb8 30. Qb6+ Ka8 31. h3 Be5 32. g3 Bb8
33. Rb4 Bb7 34. Ra4 Rd1+ 0-1

[Event "Stockerau-Open 2005 B-Turnier"]
[Site "B-Turnier"]
[Date "2005.05.05"]
[Round "2"]
[White "Krueckel, Franz"]
[Black "Haslinger, Ewald"]
[Result "0-1"]
[WhiteElo "1593"]
[BlackElo "1456"]
[PlyCount "90"]
[EventDate "2005.05.05"]

1. c4 Nf6 2. g3 g6 3. Bg2 Bg7 4. Nc3 d6 5. d4 O-O 6. e3 e5 7. Nge2 Nc6 8. O-O
Nh5 9. f4 f5 10. Qb3 e4 11. c5+ Kh8 12. cxd6 Qxd6 13. Nb5 Qe7 14. Bd2 Qf7 15.
d5 Nb8 16. Ned4 a6 17. Nc3 Bxd4 18. exd4 Nd7 19. Be3 Nb6 20. a4 Nf6 21. a5
Nbxd5 22. Kf2 Ng4+ 23. Ke2 Ndxe3 24. Qxf7 Rxf7 25. Rg1 Be6 26. h3 Bc4+ 27. Kd2
h5 28. Ra4 Bd3 29. Rb4 Nc4+ 30. Rxc4 Bxc4 31. hxg4 hxg4 32. Rc1 Rd8 33. Ke3 Bd3
34. Bf1 Bxf1 35. Rxf1 Rh7 36. Rc1 Rh2 37. Ne2 c6 38. Rc5 Rd5 39. Rxd5 cxd5 40.
b4 Rg2 41. Kd2 Kg7 42. Ke1 Kf6 43. Kf1 Rxe2 44. Kxe2 Ke6 45. Kd2 Kd6 0-1

[Event "Stockerau-Open 2005 B-Turnier"]
[Site "B-Turnier"]
[Date "2005.05.05"]
[Round "2"]
[White "Grabenweger, Wolfgang"]
[Black "Paul, Ursula"]
[Result "1/2-1/2"]
[WhiteElo "1453"]
[BlackElo "1569"]
[PlyCount "43"]
[EventDate "2005.05.05"]

1. e4 e6 2. d4 d5 3. Bd3 c5 4. c3 Nc6 5. Ne2 Qb6 6. Bc2 cxd4 7. cxd4 Nf6 8.
Nbc3 Bb4 9. Rb1 O-O 10. O-O Rd8 11. e5 Nd7 12. Na4 Qc7 13. a3 Be7 14. Qd3 f5
15. exf6 Nxf6 16. Bg5 Ne4 17. Bxe7 Qxe7 18. f3 Nf6 19. Rbe1 e5 20. dxe5 Qxe5
21. f4 Qd6 22. Nd4 1/2-1/2

[Event "Stockerau-Open 2005 B-Turnier"]
[Site "B-Turnier"]
[Date "2005.05.05"]
[Round "2"]
[White "Peterka, Walter"]
[Black "Hansal, Franz"]
[Result "1-0"]
[WhiteElo "1567"]
[BlackElo "1442"]
[PlyCount "70"]
[EventDate "2005.05.05"]

1. b3 d5 2. Bb2 e5 3. Bxe5 Nc6 4. Bb2 f6 5. d3 d4 6. a3 Nge7 7. Nd2 b6 8. Ngf3
Ng6 9. c3 Bg4 10. cxd4 Bxf3 11. Nxf3 Be7 12. Rc1 Na5 13. e3 O-O 14. Be2 Bd6 15.
O-O Nb7 16. b4 Ne7 17. e4 Rc8 18. e5 Kh8 19. exd6 Qxd6 20. Nd2 a6 21. Bf3 c6
22. Nc4 Qd8 23. Re1 b5 24. Nd2 Nd5 25. Bxd5 cxd5 26. Nb3 Qb6 27. Nc5 Nxc5 28.
dxc5 Qc6 29. d4 Qd7 30. Qf3 Rfe8 31. Kf1 Re6 32. Rxe6 Qxe6 33. Re1 Qd7 34. Bc1
Rc6 35. Bf4 Qf5 1-0

[Event "Stockerau-Open 2005 B-Turnier"]
[Site "B-Turnier"]
[Date "2005.05.05"]
[Round "2"]
[White "Gindl, Herbert"]
[Black "Metzger, Siegfried"]
[Result "0-1"]
[WhiteElo "1400"]
[BlackElo "1537"]
[PlyCount "54"]
[EventDate "2005.05.05"]

1. e4 e5 2. Nf3 Nc6 3. Bb5 Nd4 4. Nxd4 exd4 5. d3 c5 6. Nd2 Bd6 7. Nf3 Qa5+ 8.
c3 Qxb5 9. cxd4 cxd4 10. O-O Qb6 11. Re1 Ne7 12. b3 Bb4 13. Re2 O-O 14. Rc2 Bc3
15. Rb1 Nc6 16. Bb2 Bxb2 17. Rcxb2 d6 18. h3 Bd7 19. a3 Ne5 20. a4 Qd8 21. Nxd4
Qg5 22. Nf3 Qg6 23. Nxe5 dxe5 24. Qf3 Rac8 25. Kf1 Qg5 26. Qe2 Rc1+ 27. Rxc1
Qxc1+ 0-1

[Event "Stockerau-Open 2005 B-Turnier"]
[Site "B-Turnier"]
[Date "2005.05.06"]
[Round "3"]
[White "Pos, Andreas"]
[Black "Ayatollahi, Ehsan"]
[Result "0-1"]
[WhiteElo "1755"]
[BlackElo "1731"]
[PlyCount "89"]
[EventDate "2005.05.05"]

1. c4 Nf6 2. Nf3 d5 3. d4 e6 4. a3 c5 5. dxc5 Bxc5 6. b4 Be7 7. e3 a5 8. b5 O-O
9. Bb2 Nbd7 10. Nbd2 Nb6 11. Be2 dxc4 12. Qc2 Nfd5 13. Nxc4 Bf6 14. Bxf6 Qxf6
15. O-O Nxc4 16. Bxc4 Bd7 17. Qd3 Nb6 18. Bb3 Rac8 19. a4 Rc3 20. Qd1 Rfc8 21.
Nd2 Qg6 22. e4 e5 23. Qe2 Bh3 24. f3 Be6 25. Rab1 Bxb3 26. Rxb3 Rc2 27. Qd3
Nxa4 28. Ra3 R2c3 29. Rxc3 Nxc3 30. Nc4 Nxb5 31. Nxe5 Qb6+ 32. Kh1 Rd8 33. Qb3
a4 34. Qxf7+ Kh8 35. Qe7 Ra8 36. Rd1 a3 37. Nf7+ Kg8 38. Nd8 Qf6 39. Qe8+ Qf8
40. Qe6+ Kh8 41. Nf7+ Kg8 42. Nd6+ Kh8 43. Nxb5 a2 44. Qe5 Qb4 45. Qd4 0-1

[Event "Stockerau-Open 2005 B-Turnier"]
[Site "B-Turnier"]
[Date "2005.05.06"]
[Round "3"]
[White "Kammerer, Gernot"]
[Black "Jirku, Erich"]
[Result "1-0"]
[WhiteElo "1607"]
[BlackElo "1633"]
[PlyCount "41"]
[EventDate "2005.05.05"]

1. e4 d6 2. d4 g6 3. Nc3 Bg7 4. f4 c6 5. Nf3 a6 6. Be3 b5 7. e5 dxe5 8. dxe5
Qc7 9. Qd2 Bg4 10. Be2 Nd7 11. h3 Bxf3 12. Bxf3 Rd8 13. Qf2 Nh6 14. g4 e6 15.
Ne4 O-O 16. Nc5 Qa5+ 17. c3 Nxe5 18. fxe5 Bxe5 19. O-O Bg7 20. Nb7 Qc7 21. Nxd8
1-0

[Event "Stockerau-Open 2005 B-Turnier"]
[Site "B-Turnier"]
[Date "2005.05.06"]
[Round "3"]
[White "Hetfleis, Enrico"]
[Black "Paseka, Christian"]
[Result "1/2-1/2"]
[WhiteElo "1629"]
[BlackElo "1590"]
[PlyCount "59"]
[EventDate "2005.05.05"]

1. c4 e5 2. Nc3 Nf6 3. Nf3 Nc6 4. g3 Bb4 5. Bg2 d6 6. Nd5 Bc5 7. O-O Nxd5 8.
cxd5 Ne7 9. e4 Bg4 10. b4 Bb6 11. a4 a5 12. b5 Rc8 13. Bb2 c6 14. bxc6 bxc6 15.
dxc6 Nxc6 16. Rc1 O-O 17. Qb3 Be6 18. Qd1 Bg4 19. h3 Bxf3 20. Bxf3 Nd4 21. Bxd4
Bxd4 22. Bg4 Rxc1 23. Qxc1 Qb6 24. Kg2 g6 25. d3 Qb4 26. Qc4 Rb8 27. Bd7 Qxc4
28. dxc4 Rb2 29. g4 h6 30. Kg3 1/2-1/2

[Event "Stockerau-Open 2005 B-Turnier"]
[Site "B-Turnier"]
[Date "2005.05.06"]
[Round "3"]
[White "Metzger, Siegfried"]
[Black "Weindl, Gerhard"]
[Result "0-1"]
[WhiteElo "1537"]
[BlackElo "1629"]
[PlyCount "112"]
[EventDate "2005.05.05"]

1. e4 e5 2. a3 Nf6 3. Nc3 b6 4. Bc4 Be7 5. d3 O-O 6. Nf3 d6 7. O-O Bg4 8. Qe2
Nc6 9. Be3 Na5 10. Ba2 c5 11. Nd5 Nc6 12. Nxf6+ Bxf6 13. Bd5 Rc8 14. c3 Ne7 15.
Bb3 Ng6 16. h3 Bd7 17. Nd2 Bg5 18. Nf3 Bf4 19. Bxf4 Nxf4 20. Qe3 Qf6 21. Nh2
Qg6 22. Qf3 Bxh3 23. g3 Bxf1 24. Rxf1 h5 25. Kh1 Ne6 26. Qg2 b5 27. f4 exf4 28.
gxf4 Qxg2+ 29. Kxg2 c4 30. Bc2 cxd3 31. Bxd3 a6 32. Kg3 Nc5 33. Bc2 Rce8 34.
Kf3 Ne6 35. Rd1 Rd8 36. Rd5 g6 37. Kg3 Nc7 38. Rd1 Kg7 39. Kh4 f6 40. Kh3 d5
41. Rg1 dxe4 42. Bxe4 f5 43. Bb1 Ne6 44. Kg3 Rfe8 45. Nf3 Kf6 46. Ne5 g5 47.
Nc6 h4+ 48. Kh2 Rd2+ 49. Kh1 Nxf4 50. Nd4 Re3 51. Bxf5 Rxd4 52. cxd4 Kxf5 53.
Rd1 Rd3 54. Rc1 Rxd4 55. Rc6 g4 56. a4 Rd1+ 0-1

[Event "Stockerau-Open 2005 B-Turnier"]
[Site "B-Turnier"]
[Date "2005.05.06"]
[Round "3"]
[White "Zwerger, Kurt"]
[Black "Peterka, Walter"]
[Result "0-1"]
[WhiteElo "1624"]
[BlackElo "1567"]
[PlyCount "96"]
[EventDate "2005.05.05"]

1. d4 d5 2. c4 c6 3. Nc3 Nf6 4. Bg5 dxc4 5. a4 Nd5 6. e3 Nxc3 7. bxc3 Qa5 8.
Nf3 Qxc3+ 9. Nd2 Qa5 10. Bxc4 Qxg5 11. Qf3 Qf6 12. Qg3 e6 13. Ne4 Qd8 14. O-O
Nd7 15. f4 Nb6 16. Bb3 Nd5 17. a5 f5 18. Nc5 Bxc5 19. dxc5 Qe7 20. Rad1 O-O 21.
Rc1 Nf6 22. Qh4 Qf7 23. Bd1 g6 24. Be2 Ne4 25. Rf3 Qf6 26. Qh6 Qg7 27. Qh4 Rb8
28. Rh3 Bd7 29. Rd1 Nxc5 30. Bc4 Rbd8 31. Rd6 b6 32. a6 b5 33. Be2 Nxa6 34. Qe1
Nc5 35. Qa5 a6 36. Qb6 Ne4 37. Rd3 Qa1+ 38. Rd1 Qa2 39. Kf1 Nc3 40. Re1 Nxe2
41. Rxe2 Qa4 42. Qc7 b4 43. Kf2 b3 44. Rd2 c5 45. Qxc5 Rc8 46. Qd4 Qxd4 47.
Rxd4 Rc2+ 48. Kf3 Bc6+ 0-1

[Event "Stockerau-Open 2005 B-Turnier"]
[Site "B-Turnier"]
[Date "2005.05.06"]
[Round "3"]
[White "Haslinger, Ewald"]
[Black "Grabenweger, Wolfgang"]
[Result "1-0"]
[WhiteElo "1456"]
[BlackElo "1453"]
[PlyCount "117"]
[EventDate "2005.05.05"]

1. e4 e6 2. d4 d5 3. exd5 exd5 4. c4 Nf6 5. Nc3 Be7 6. Nf3 O-O 7. Qb3 dxc4 8.
Bxc4 Nc6 9. Be3 Na5 10. Qa4 Nxc4 11. Qxc4 a6 12. Ne5 Be6 13. Qd3 Nd7 14. O-O-O
f6 15. Nf3 b5 16. d5 Bg4 17. Qe4 Bxf3 18. Qxf3 Ne5 19. Qg3 Bd6 20. Bf4 Nc4 21.
b3 Bxf4+ 22. Qxf4 Ne5 23. Ne4 Qe7 24. Rhe1 a5 25. Qd2 b4 26. f4 Nd7 27. Ng3
Qc5+ 28. Kb2 a4 29. Rc1 Qb6 30. Re6 Qa5 31. Qe3 Qxd5 32. Rxc7 Qxg2+ 33. Rc2 Qd5
34. Re7 axb3 35. Qxb3 Qxb3+ 36. axb3 Ra7 37. Re4 Rb8 38. Rcc4 Rab7 39. Nf5 Kf8
40. Nd6 Rb6 41. Nf5 g6 42. Nd4 Kf7 43. Nc6 Re8 44. Rxe8 Kxe8 45. Nxb4 Kf7 46.
Kc3 f5 47. Rc7 Ke6 48. Rc8 Nf6 49. Rc4 Ne4+ 50. Kd3 Rd6+ 51. Rd4 Nc5+ 52. Kc4
Rxd4+ 53. Kxd4 Nxb3+ 54. Ke3 Nc5 55. Kf3 Ne4 56. Ke3 Kd6 57. Nd3 Nf6 58. h3 h6
59. Ne5 1-0

[Event "Stockerau-Open 2005 B-Turnier"]
[Site "B-Turnier"]
[Date "2005.05.06"]
[Round "3"]
[White "Hansal, Franz"]
[Black "Krueckel, Franz"]
[Result "0-1"]
[WhiteElo "1442"]
[BlackElo "1593"]
[PlyCount "30"]
[EventDate "2005.05.05"]

1. e4 c5 2. Nf3 Nc6 3. d4 cxd4 4. Nxd4 Nf6 5. Nxc6 bxc6 6. Nc3 d6 7. Be2 g6 8.
b3 Bg7 9. Bb2 Nxe4 10. Rb1 Nxc3 11. Qd3 Qa5 12. O-O Nxe2+ 13. Qxe2 Bxb2 14.
Rxb2 Ba6 15. c4 d5 0-1

[Event "Stockerau-Open 2005 B-Turnier"]
[Site "B-Turnier"]
[Date "2005.05.06"]
[Round "3"]
[White "Gindl, Herbert"]
[Black "Tunka, Johann Jun"]
[Result "1-0"]
[WhiteElo "1400"]
[BlackElo "1473"]
[PlyCount "71"]
[EventDate "2005.05.05"]

1. e4 e5 2. Nf3 Nc6 3. d4 exd4 4. Nxd4 Bc5 5. c3 d6 6. Bb5 Bd7 7. Nxc6 bxc6 8.
Bc4 Qh4 9. Qf3 Nf6 10. Bd3 O-O 11. O-O Rfe8 12. Nd2 Ng4 13. Qg3 Qxg3 14. hxg3
Re6 15. Nb3 Bb6 16. Nd4 Bxd4 17. cxd4 Nf6 18. f3 h6 19. b4 Rb8 20. a3 Rb6 21.
Rf2 c5 22. dxc5 dxc5 23. bxc5 Rb3 24. Bc4 Rxf3 25. gxf3 Re5 26. Bd3 Bc6 27. Rd2
Nd7 28. Rb1 g5 29. Bb5 Bxb5 30. Rxb5 c6 31. Ra5 f5 32. Rxd7 fxe4 33. Raxa7 Kf8
34. Rd8+ Re8 35. Rxe8+ Kxe8 36. fxe4 1-0

[Event "Stockerau-Open 2005 B-Turnier"]
[Site "B-Turnier"]
[Date "2005.05.07"]
[Round "4"]
[White "Ayatollahi, Ehsan"]
[Black "Lehner, Erich"]
[Result "1-0"]
[WhiteElo "1731"]
[BlackElo "1795"]
[PlyCount "113"]
[EventDate "2005.05.05"]

1. d4 d5 2. c4 e6 3. Nc3 h6 4. Nf3 Nf6 5. Bf4 Bd6 6. Bxd6 Qxd6 7. e3 a6 8. Rc1
O-O 9. Bd3 c6 10. O-O Nbd7 11. cxd5 exd5 12. Qe2 Nh7 13. Nh4 Ndf6 14. Nf5 Bxf5
15. Bxf5 g6 16. Bd3 Rae8 17. Rce1 Re7 18. f4 Rfe8 19. Nd1 c5 20. dxc5 Qxc5 21.
Qc2 Qxc2 22. Bxc2 d4 23. Rf3 Kg7 24. h3 Rc7 25. Bd3 Rc1 26. Kf1 dxe3 27. Rfxe3
Rd8 28. Nc3 Rxe1+ 29. Kxe1 Nd5 30. Nxd5 Rxd5 31. Ke2 Nf6 32. Re7 Rd7 33. Rxd7
Nxd7 34. Ke3 f5 35. Kd4 Kf6 36. Kd5 Ke7 37. b3 Nf6+ 38. Kc5 Nh5 39. Kb6 Nxf4
40. Bf1 Nd5+ 41. Kxb7 Ne3 42. Bxa6 Nxg2 43. a4 Kd6 44. b4 Ne3 45. Bd3 Nd5 46.
b5 Kc5 47. a5 g5 48. a6 g4 49. hxg4 fxg4 50. a7 Nb6 51. Ka6 h5 52. Bf5 g3 53.
Bh3 Na8 54. Bg2 h4 55. Bxa8 h3 56. Bf3 g2 57. a8=Q 1-0

[Event "Stockerau-Open 2005 B-Turnier"]
[Site "B-Turnier"]
[Date "2005.05.07"]
[Round "4"]
[White "Schmied, Kurt"]
[Black "Pos, Andreas"]
[Result "1-0"]
[WhiteElo "1622"]
[BlackElo "1755"]
[PlyCount "71"]
[EventDate "2005.05.05"]

1. d4 d5 2. Nf3 g6 3. c4 dxc4 4. Qa4+ c6 5. Qxc4 Bg7 6. Bf4 b5 7. Qc3 Bb7 8. e3
Nf6 9. Bg3 Ne4 10. Qc2 Nxg3 11. hxg3 Nd7 12. Nbd2 Rc8 13. Nb3 c5 14. dxc5 Bxf3
15. gxf3 O-O 16. Bxb5 Nxc5 17. Rd1 Qb6 18. Be2 Na4 19. Qe4 Nxb2 20. Qh4 f6 21.
Rb1 Rc2 22. Kf1 Qc7 23. Nd4 Rc1+ 24. Rxc1 Qxc1+ 25. Kg2 Qc8 26. a4 Nc4 27. Ne6
Nd6 28. Nxg7 h5 29. Nxh5 Nf5 30. Bc4+ e6 31. Nxf6+ Kg7 32. Nh5+ gxh5 33. Qg5+
Kf7 34. Qxh5+ Ke7 35. Qg5+ Ke8 36. Bb5+ 1-0